Responses for Show #9016 - Monday, January 15, 2024

2023-2024 Second Chance competition week 4, final game 2.

Contestants

[<< previous game]

Rotimi Kukoyi, a sophomore health policy and management major at the University of North Carolina at Chapel Hill from Hoover, Alabama (subtotal of $0)

Long Nguyen, a retired engineer from Las Vegas, Nevada (subtotal of $36,800)

Roy Camara, a grocery specialist from Crawfordville, Florida (subtotal of $0)

[next game >>]

Jeopardy! Round responses

DISNEY FILM TITLES VISUALIZED
WORLD HISTORY
PORTLANDIA
AROUND THE UNUSUAL HOUSE
SAY YOUR FRUITS & VEGGIES!
AUTHORS' BIRTHSTONES
    $200 24
Frozen

Roy
    $200 2
(Roy: What is Hispaniola?)

Cuba

RoyLong
    $200 23
donuts

Rotimi
    $200 29
a dragon

Long
    $200 30
apples & oranges

Roy
    $200 26
ruby

Long
    $400 14
Tangled

Roy
    $400 3
Peter the Great

Roy
    $400 22
(Long: What are roses?)

tulips

LongRotimi
    $400 27
an octagon

Roy
    $400 28
a carrot or a stick

Long
    $400 25
emerald

Long
    $600 13
(Roy: What is The Pagemaster?)
...
(Ken: You're not gonna like it... Long just got it...)

The Jungle Book

Roy
Triple Stumper
    $600 12
the Hundred Years' War

Rotimi
    $600 19
The Shining

Roy
    $600 21
Miss Saigon

Long
    $600 20
a pumpkin

Roy
    $600 16
Aquamarine

Roy
    $800 5
Ratatouille

Roy
    $800 11
Hirohito

Long
    $800 15
the Columbia

Long
    $800 18
a saber

Roy
    $800 17
beans

Triple Stumper
    $1,000 1
[Long selected the first clue.]

amethyst

Long
    $1000 4
Inside Out

Roy
    $1000 7
Sufism

Roy
    $1000 9
(Ken: It's an amazing store...)

Powell's

Triple Stumper
    $1000 8
(Rotimi: What is Cro-Magnon?)

Lascaux

RoyRotimi
    $1000 6
bananas

Roy
    $1000 10
Sapphire

Roy

Scores at the first commercial break (after clue 15):

Roy Long Rotimi
$5,800 $2,800 -$400

Scores at the end of the Jeopardy! Round:

Roy Long Rotimi
$9,200 $4,200 $200

Double Jeopardy! Round responses

AFRICAN CITIES
RELIGIONS OF THE WORLD
DESERT FLORA & FAUNA
STAY SAFE
POP MUSIC-POURRI
"G" WHIZ
    $400 14
Addis Ababa

Long
    $400 12
Hinduism

Long
    $400 27
fox

Rotimi
    $400 30
lightning

Long
    $400 29
(Celine) Dion

Long
    $400 28
guffaws

Rotimi
    $800 13
Cape Town

Long
    $800 10
Orthodox

Roy
    $800 16
antlers

Roy
    $800 24
avalanches

Roy
    $800 26
The Weeknd

Long
    $800 25
a godsend

Roy
    $1200 3
Casablanca

Roy
    $5,000 8
the Five Pillars of Islam

Long
    $1200 15
mesquite

Triple Stumper
    $1200 19
airbags

Roy
    $1200 23
(Roy: Who are The Supremes?)

the Eagles

Roy
Triple Stumper
    $1200 22
gambol

Roy
    $1600 2
Namibia

Long
    $1600 7
Zoroastrianism

Long
    $10,400 4
(Roy: What is a kangaroo... mouse?)

a kangaroo rat

Roy
    $1600 18
fentanyl

Rotimi
    $1600 21
(Rotimi: What is bleeding in love?)
[Ken does not rule.]
(Rotimi: Bleeding?)
(Ken: No.)

bleeding love

RoyRotimi
    $1600 20
a glockenspiel

Roy
    $2000 1
Benghazi

Long
    $2000 9
(Long: What is... quince?)

the citron (etrog)

Long
Triple Stumper
    $2000 5
(Long: What is sagebrush?)

creosote

Long
Triple Stumper
    $2000 17
gun locks (trigger locks)

Long
    $2000 11
(Herb) Alpert

Long
    $2000 6
Givenchy

Long

Scores at the end of the Double Jeopardy! Round:

Roy Long Rotimi
$7,600 $19,600 $1,000
(lock tournament)

[wagering suggestions for these scores]

Final Jeopardy! Round responses

ON THE STAGE
(Ken: [To Roy] Now, Paul Robeson, famously distinguished and versatile actor, but I don't know if he ever played Bea Arthur.)
...
(Ken: Robeson, the great African-American actor, was the first Black actor to play [*] on Broadway.)
RotimiWho is: I lost the buzzer race but I just won $10,000! :) gg
$0
RoyWho is Bea Arthur?
$350
LongWho is Kunta Kinte? [drew pickleball racket]
$123
Othello

Final scores:

Roy Long Rotimi
$7,250 $19,477 $1,000

Cumulative scores:

Roy Long Rotimi
$7,250 $56,277 $1,000
1st runner-up: $20,000 Tournament champion: $35,000 + advance to the 2024 Champions Wildcard tournament 2nd runner-up: $10,000

Game dynamics:

Coryat scores:

Roy Long Rotimi
$18,000 $15,600 $1,000
24 R,
4 W
(including 1 DD)
22 R
(including 2 DDs),
3 W
6 R,
2 W

Combined Coryat: $34,600

[game clues] [game scores] [suggest correction]

Game tape date: 2023-12-06
The J! Archive is created by fans, for fans. Scraping, republication, monetization, and malicious use prohibited; this site may use cookies and collect identifying information. See terms. The Jeopardy! game show and all elements thereof, including but not limited to copyright and trademark thereto, are the property of Jeopardy Productions, Inc. and are protected under law. This website is not affiliated with, sponsored by, or operated by Jeopardy Productions, Inc. Join the discussion at JBoard.tv.